History Quiz

Random History Quiz

Historical Nicknames Quiz Stats

 Plays Quiz not verified by Sporcle

Challenge
Share
Tweet
Embed
Score 0/50 Timer 10:00
0 Plays Today
Nickname Answer % Correct
The Iron LadyMargaret Thatcher
82.8%
Honest AbeAbraham Lincoln
81.9%
The Virgin QueenElizabeth I
81.9%
Old HickoryAndrew Jackson
80.2%
BlackbeardEdward Teach
80.2%
StonewallThomas J Jackson
78.4%
The Maid Of OrleansJoan of Arc
77.6%
LionheartRichard I
76.7%
The TerribleIvan IV
76.7%
IkeDwight D Eisenhower
75.9%
The Sailor KingWilliam IV
74.1%
The BardWilliam Shakespeare
73.3%
CheErnesto Guevara
72.4%
The Sun KingLouis XIV
72.4%
The Desert FoxErwin Rommel
71.6%
The ImpotentHenry IV
71.6%
Tricky DickyRichard Nixon
70.7%
The Wizard Of Menlo ParkThomas Edison
63.8%
The ConfessorEdward
63.8%
The Young Pretender/Bonnie PrinceCharles Stuart
61.2%
The Little CorporalNapoleon Bonaparte
61.2%
The Iron ChancellorOtto Von Bismarck
55.2%
Lucky LindyCharles Lindbergh
53.4%
The ImpalerVlad III
49.1%
Blood 'N' GutsGeorge S Patton
44.8%
Nickname Answer % Correct
The Mad MonkGrigori Rasputin
41.4%
The Angel Of DeathJosef Mengele
41.4%
King TutTutankhamun
40.5%
The BaldCharles II
39.7%
The Grandmother Of EuropeVictoria I
37.1%
Doctor DeathJack Kevorkian
34.5%
Wild BillJames Hickok
34.5%
The UnreadyEthelred II
34.5%
The Red BaronManfred Von Richthofen
28.4%
The Scourge Of GodAtilla The Hun
23.3%
The Bohemian PrivateAdolf Hitler
22.4%
Genghis KhanTemujin
22.4%
Dugout DougDouglas Macarthur
21.6%
The Hero Of The NileHoratio Nelson
21.6%
Deep ThroatWilliam Mark Felt
21.6%
The Last EmperorPu Yi
18.1%
BluetoothHarold I
12.1%
PocahontasMatoaka
9.5%
The MagnificentSulieman I
8.6%
The Marble ManRobert E Lee
7.8%
The Big FellaMichael Collins
5.2%
The Constable/The Great AsparagusCharles De Gaulle
4.3%
AutieGeorge Custer
3.4%
Old FriendJosep Broz Tito
2.6%
The Lion/PappaKarl Donitz
1.7%

You're not logged in!

Compare scores with friends on all Sporcle quizzes.
OR
Log In

You Might Also Like...

Show Comments

Extras

Created Mar 16, 2015ReportNominate
Tags:Historical Figures

Top Quizzes Today


Score Distribution

Your Account Isn't Verified!

In order to create a playlist on Sporcle, you need to verify the email address you used during registration. Go to your Sporcle Settings to finish the process.

Report this User

Report this user for behavior that violates our Community Guidelines.

Details: